Свод федеральных правил США по безопасности реакторов. Вып. 2. Часть 55: Лицензирование операторов (Запись № 7422997)

Подробности
000 -МАРКЕР
контрольное поле 02892nam2a22003011 4500
001 - ИДЕНТИФИКАТОР ЗАПИСИ
контрольное поле rc\3707719
005 - ИДЕНТИФИКАТОР ВЕРСИИ
контрольное поле 20250610063141.0
035 ## - ДРУГИЕ СИСТЕМНЫЕ НОМЕРА
Идентификатор записи (NLR Aleph) 007766574
100 ## - ДАННЫЕ ОБЩЕЙ ОБРАБОТКИ
Данные общей обработки 20130115d1971 |||y0rusy50 ca
101 1# - ЯЗЫК РЕСУРСА
Язык текста, звукозаписи и т.д. русский
Язык оригинала английский
102 ## - СТРАНА ПУБЛИКАЦИИ ИЛИ ПРОИЗВОДСТВА
Страна публикации Российская Федерация
105 ## - ПОЛЕ КОДИРОВАННЫХ ДАННЫХ: ТЕКСТОВЫЕ МАТЕРИАЛЫ, МОНОГРАФИЧЕСКИЕ
Кодированные данные о монографическом текстовом документе y z |||||
200 1# - ЗАГЛАВИЕ И СВЕДЕНИЯ ОБ ОТВЕТСТВЕННОСТИ
Основное заглавие Лицензирование операторов
210 ## - ПУБЛИКАЦИЯ, РАСПРОСТРАНЕНИЕ И ДР.
Дата издания, распространения и т.д. 1971
Место издания, распространения и т.д. Б. м.
215 ## - ФИЗИЧЕСКАЯ ХАРАКТЕРИСТИКА
Специфическое обозначение материала и объем 28 с.
225 1# - СЕРИЯ
Основное заглавие серии Государственный комитет по использованию атомной энергии СССР. Центральный научно-исследовательский институт информации и технико-экономических исследований по атомной науке и технике. [Информационный бюллетень по материалам зарубежной печати]
300 ## - ОБЩИЕ ПРИМЕЧАНИЯ
Текст примечания Пер. из: Code of Federal Regulation, 1963
423 #0 - ИЗДАЕТСЯ В ОДНОЙ ОБЛОЖКЕ ВМЕСТЕ С ...
Встроенное поле 1010#$arus
-- 2001#$aЧасть 100. Критерии местоположения реактора
Заглавие Часть 100. Критерии местоположения реактора
423 #0 - ИЗДАЕТСЯ В ОДНОЙ ОБЛОЖКЕ ВМЕСТЕ С ...
Встроенное поле 1010#$arus
-- 2001#$aЧасть 115. Правила лицензирования некоторых реакторов, не отвечающих требованиям, установленным для лицензирования
Заглавие Часть 115. Правила лицензирования некоторых реакторов, не отвечающих требованиям, установленным для лицензирования
461 #0 - УРОВЕНЬ НАБОРА
Встроенное поле 001rc\3707717
-- 2001#$aСвод федеральных правил США по безопасности реакторов$e[Вып. 1-$fГос. ком. по использованию атомной энергии СССР. Центр. науч.-исслед. ин-т информации и техн.-экон. исследований по атомной науке и технике...$vВып. 2. Часть 55
Системный номер (АБИС) связанной записи 7422978
Место публикации Москва]
Дата публикации 1970-
Первые сведения об ответственности Гос. ком. по использованию атомной энергии СССР. Центр. науч.-исслед. ин-т информации и техн.-экон. исследований по атомной науке и технике...
Имя издателя, распространителя и т.д. Атомиздат
Сведения, относящиеся к заглавию [Вып. 1-
Заглавие Свод федеральных правил США по безопасности реакторов
Номер тома Вып. 2. Часть 55
517 0# - ДРУГИЕ ВАРИАНТЫ ЗАГЛАВИЯ
Вариант заглавия Правила лицензирования некоторых реакторов, не отвечающих требованиям, установленным для лицензирования
517 0# - ДРУГИЕ ВАРИАНТЫ ЗАГЛАВИЯ
Вариант заглавия Критерии местоположения реактора
801 #0 - ИСТОЧНИК ЗАПИСИ
Страна Российская Федерация
Организация NLR
Правила каталогизации psbo
801 #1 - ИСТОЧНИК ЗАПИСИ
Страна Российская Федерация
Организация ELAR
Источник данных rusmarc
852 ## - МЕСТОНАХОЖДЕНИЕ И ШИФР ХРАНЕНИЯ
Идентификатор организации NLR
Шифр хранения (Call Number) 71-8/1100
942 ## - ДОПОЛНИТЕЛЬНЫЕ ЭЛЕМЕНТЫ ЗАПИСИ (АБИС)
Тип экземпляра АБИС Книга
980 ## - КОЛЛЕКЦИЯ
Название коллекции Национальная библиография
Экземпляры
Тип экземпляра Дата поступления Библиотека постоянного хранения Библиотека текущего хранения Место хранения Шифр хранения Штрих-код Статус экземпляра
Книга 26.10.2013 РНБ (Московский) РНБ (Московский) Русский книжный фонд: издания с 1957 года 71-8/1100 7766574-10